Statistics for Regions: guess the country

Click here to take the quiz!

General Stats

  • This quiz has been taken 15 times
  • The average score is 10 of 20

Answer Stats

RegionCountry% Correct
RajasthanIndia
100%
Województwo zachodniopomorskiePoland
100%
ZhejiangChina
92%
CoahuilaMexico
85%
ErbilIraq
77%
BolívarEcuador
69%
StyriaAustria
62%
GlarusSwitzerland
54%
Isla de la JuventudCuba
46%
Los AndesVenezuela
46%
KordestanIran
38%
Central VisayasPhilippines
38%
KarakalpakstanUzbekistan
38%
ZaireAngola
31%
MoliseItaly
31%
Matabeleland NorthZimbabwe
31%
FormosaArgentina
23%
ChuukMicronesia
23%
Grand Erg OrientalAlgeria
15%
Oddar MeancheyCambodia
15%

Score Distribution

Percentile by Number Answered

Percent of People with Each Score

Your Score History

You have not taken this quiz